| 000 | 00415nam a22001457u 4500 | ||
|---|---|---|---|
| 008 | 130405s1928 xxu||||| |||| 00| 0 ger d | ||
| 041 | _ager | ||
| 100 | 1 |
_aBlaufuss, Hans _920848 |
|
| 245 | 0 | 0 |
_aKaphtor _b:Die inschriften von Kreta Mykenae und Troja _cHans Blaufuss |
| 260 |
_aNürnberg: _bJ-L.Schrag.Verlag, _c1928 |
||
| 300 |
_a326 p. _c;23 cm. |
||
| 651 | 4 |
_aGrecia _xHistoria _914668 |
|
| 942 | _cBK | ||
| 001 | 50973 | ||
| 999 |
_c241026 _d241026 |
||